[Event "Terrassa op-B"]
[Site "Terrassa"]
[Date "1996.??.??"]
[Round "8"]
[White "Flores Garcia, Xavier"]
[Black "Oliveras Simo, J."]
[Result "0-1"]
[WhiteElo "1800"]
[BlackElo "2000"]
[PlyCount "32"]
[EventDate "1996.07.??"]
[EventType "swiss"]
[EventRounds "9"]
[EventCountry "ESP"]
[SourceTitle "EXT 2002"]
[Source "ChessBase"]
[SourceDate "2001.11.25"]
[SourceVersion "1"]
[SourceVersionDate "2001.11.25"]
[SourceQuality "1"]

1. e4 e5 2. Nf3 Nc6 3. c3 Nf6 4. d4 exd4 5. cxd4 Bb4+ 6. Nc3 Nxe4 7. Qd3 d5 8. Be2 0-0 9. 0-0 Bxc3 10. bxc3 Bf5 11. Qd1 Nxc3 12. Qd2 Nxe2+ 13. Qxe2 Bg4 14. Bb2 Re8 15. Qd3 Qf6 16. Nd2 Be2 0-1

[Event "Terrassa op-B"]
[Site "Terrassa"]
[Date "1996.??.??"]
[Round "2"]
[White "Oliveras Simo, J."]
[Black "Cortes Mamblona, Josep Manuel"]
[Result "0-1"]
[WhiteElo "2000"]
[BlackElo "1955"]
[PlyCount "108"]
[EventDate "1996.07.??"]
[EventType "swiss"]
[EventRounds "9"]
[EventCountry "ESP"]
[SourceTitle "EXT 2002"]
[Source "ChessBase"]
[SourceDate "2001.11.25"]
[SourceVersion "1"]
[SourceVersionDate "2001.11.25"]
[SourceQuality "1"]

1. e4 e6 2. d4 d5 3. Nc3 dxe4 4. Nxe4 Bd7 5. Nf3 Bc6 6. Bd3 Nd7 7. 0-0 Ngf6 8. Re1 Nxe4 9. Bxe4 Bxe4 10. Rxe4 Nf6 11. Re2 Bd6 12. c4 0-0 13. Bg5 h6 14. Bxf6 Qxf6 15. c5 Be7 16. Qb3 b6 17. Ne5 Qf4 18. cxb6 cxb6 19. Rd1 Rac8 20. g3 Qf5 21. f4 Bf6 22. Qa4 Bxe5 23. dxe5 Rc7 24. Red2 Kh7 25. Qa3 Rfc8 26. Qd3 Qxd3 27. Rxd3 Rc2 28. R3d2 Kg6 29. Kf1 Kf5 30. Rxc2 Rxc2 31. Rd7 Kg6 32. Rxa7 Rxb2 33. Kg1 b5 34. Rb7 b4 35. Ra7 h5 36. a4 Ra2 37. Rb7 Rxa4 38. Kg2 Ra2+ 39. Kh3 Rb2 40. Rb6 Kf5 41. Rb7 Kg6 42. Rb5 f6 43. exf6 gxf6 44. Rb6 Kf5 45. Rb5+ e5 46. fxe5 fxe5 47. Rb8 b3 48. Rf8+ Kg6 49. Rg8+ Kf7 50. Rg5 e4 51. Rxh5 e3 52. Re5 e2 53. Kg4 Rd2 54. Kf3 b2 0-1